000 00605nam a2200217Ii 4500
001 8415
003 CO-ViMGA
008 241108s9999||||xx |||||||||||||| ||und||
020 _a9253006110
040 _aCO-ViMGA
_bspa
_erda
_cCO-ViMGA
041 0 _aspa
082 0 4 _a304.8 G929l
100 1 _aJacques du Guerny
_948208
245 1 0 _aLas migraciones y el desarrollo rural
264 1 _aRoma, Italia : FAO, 1978
300 _avolumen
336 _atext
_btxt
_2rdacontent
337 _aunmediated
_bn
_2rdamedia
338 _avolume
_bnc
_2rdacarrier
940 _aidficha_siabuc: 8223. -- ficha_no_siabuc:8415
999 _c42849
_d42849